| 000 | 00383nam a2200157Ia 4500 | ||
|---|---|---|---|
| 008 | 230312s9999||||xx |||||||||||||| ||und|| | ||
| 020 | _a9788120310445 | ||
| 082 |
_a620.106 _bFAY-F |
||
| 100 | _aFay, James A. | ||
| 245 | 0 | _aIntroduction to Fluid Mechanics | |
| 260 |
_bPHI Leanring Pvt Ltd _aIndia _c2008 |
||
| 300 | _a605 | ||
| 546 | _aEng. | ||
| 650 | _aEngineering | ||
| 942 | _cBK | ||
| 999 |
_c6118 _d6118 |
||